Statistiques concernant LFL spring split 2023

Cliquez ici pour prendre le quiz!

Statistiques générales

  • Ce quiz a été pris 30 fois
  • Le résultat moyen est 27 sur 50

Statistiques - réponses

Hintpositionjoueur% Correct
Karmine CorpMIDSAKEN
90%
Karmine CorpJGLSkeanz
90%
Karmine CorpTOPCabochard
85%
LDLC OLJGLWhite
80%
AegisMIDEika
75%
AegisSUPPHantera
70%
Karmine CorpADCKaori
70%
SolaryMIDPeng
70%
Team GOTOPRagner
70%
SolaryADCTakeSet
70%
Team GOMIDtoucouille
70%
LDLC OLSUPPZoelys
70%
Izi DreamJGLDjoko
65%
Team GOADCJezu
65%
SolaryJGLShlatan
65%
Karmine CorpSUPPwhiteinn
65%
BDS AcademyADCxMatty
65%
GamewardTOPBadlulu
60%
Vitality.BeeJGLDaglas
60%
Vitality.BeeSUPPJactroll
60%
AegisTOPLot
60%
SolaryTOPMelonik
60%
Vitality.BeeMIDCzajek
55%
BK ROGMIDCzekolad
55%
Team GOSUPPkamilius
55%
Izi DreamTOPKio
55%
BDS AcademyMIDReeker
55%
SolarySUPPSteeelback
55%
BDS AcademyTOPAgresivoo
50%
BDS AcademySUPPErdote
50%
LDLC OLADCJeskla
50%
LDLC OLTOPKryze
50%
Team GOJGLLyncas
50%
AegisJGLSkewMond
50%
BK ROGSUPPVeignorem
50%
GamewardJGLEckas
45%
Vitality.BeeADCInnaxe
45%
AegisADCShiganari
45%
LDLC OLMIDBacklund
40%
BK ROGTOPHowling
35%
BDS AcademyJGLMaxi
35%
GamewardMIDtwohoyrz
35%
BK ROGADCTrigger
30%
Izi DreamADCBung
25%
Izi DreamMIDMilica
25%
BK ROGJGLPridestalkr
25%
Vitality.BeeTOPPatkicaA
20%
GamewardADCPractice
20%
GamewardSUPPRaxxo
20%
Izi DreamSUPPTwiizt
15%

Distribution des résultats

Percentile par nombre de réponses

% des personnes avec chaque résultat

Votre développement - résultats

Vous n’avez pas pris ce quiz